000 01266nam a22003497a 4500
003 CHAP
005 20220329141620.0
008 971013s1982 r 00010 d
010 _a71057
011 _a72029
035 _a81583
040 _cCHAP
090 _aTesis
100 0 0 _aCamacho Gutiérrez, Jorge Arturo.
_917680
245 _aEvaluación de la calidad de ensilaje de girasol forrajero (Helianthus annus L.) variedad Tecmon 51 con mijo perla (Pennisetum glaucum L) : con y sin adición de maleza y
_c/ o urea
260 _aMonterrey, N.L. :
_bEl autor,
_c1982
300 _a85 p
502 _aTesis (Ing. Agr. Zootecnista) -- ITESM. División de Ciencias Agropecuarias y Marítimas
590 _aALEPH
_b10
_c20130110
_lUCH01
_h1411
590 _aBATCH-UPD
_b10
_c20130110
_lUCH01
_h0810
590 _aBATCH-UPD
_b10
_c20130410
_lUCH01
_h0447
590 _aBATCH-UPD
_b10
_c20130914
_lUCH01
_h0819
590 _aCONVERSION
_b10
_c20130109
_lUCH01
_h1339
650 1 4 _aEnsilaje.
_937102
650 1 4 _aGirasol como forraje.
_948189
650 1 4 _aMelaza en alimentación animal.
_974315
650 1 4 _aMijo perla.
_975666
650 1 4 _aUrea en alimentación animal.
_9116890
901 _aBK
942 _cTESIS
949 _bBC
_cTES
_d-35042
_eTS1
_i81583
_si
999 _c71057
_d71057